Land use / land cover change analysis of Kasargode district using remote sensing and GIS (Record no. 4993)
[ view plain ]
| 000 -LEADER | |
|---|---|
| fixed length control field | 02053nam a22001817a 4500 |
| 003 - CONTROL NUMBER IDENTIFIER | |
| control field | OSt |
| 005 - DATE AND TIME OF LATEST TRANSACTION | |
| control field | 20220107122809.0 |
| 008 - FIXED-LENGTH DATA ELEMENTS--GENERAL INFORMATION | |
| fixed length control field | 160315b xxu||||| |||| 00| 0 eng d |
| 040 ## - CATALOGING SOURCE | |
| Transcribing agency | |
| 100 ## - MAIN ENTRY--PERSONAL NAME | |
| Personal name | Sahina (92313015) |
| 9 (RLIN) | 8521 |
| 245 ## - TITLE STATEMENT | |
| Title | Land use / land cover change analysis of Kasargode district using remote sensing and GIS |
| 502 ## - DISSERTATION NOTE | |
| Degree type | Master of Science in Geoinformatics |
| Name of granting institution | 2013-2015 |
| Year degree granted | EXT |
| -- | Radhakrishnan T |
| -- | M.S. Saran (Scientist C) |
| Miscellaneous information | "NATPAC, Thiruvananthapuram," |
| 520 ## - SUMMARY, ETC. | |
| Summary, etc. | Analysis on spatial and temporal Land Use/ Land Cover (LU/LC) changes at regional scales is essential for a wide range of applications such as landslide, erosion, land planning, global warming, hydrologic phenomenon and their effects on ecological processes, runoff, soil erosion sedimentation and soil conditions etc.. The LU/LC alterations (based especially on human activities), are observed to negatively affect the patterns of climate, natural hazards and socio-economic dynamics in global and local scale. In the present study an attempt has been made to analyze the temporal changes of Land Use/ Land Cover and vegetation by using Remote Sensing (RS) and Geographic Information Systems (GIS). For this purpose, firstly a supervised classification technique was applied to satellite images acquired for the years 2000, 2005 and 2013 and the outputs were compared to derive information on changes that occurred over past 13 years time periods of time. In the second part of the study, the land cover changes were analyzed by vegetation sensitivity analysis using NDVI classification. The results revealed that, distinct changes have occurred on the major Land Use/ Land Cover types during investigation periods. The land use land cover categories shows an increase in built up and mixed crop with settlement areas where as water body, dense Vegetation, plantation and sparse vegetation and barren land shows a fluctuating trend. |
| 650 ## - SUBJECT ADDED ENTRY--TOPICAL TERM | |
| Topical term or geographic name entry element | GEOGRAPHICAL INFORMATION SYSTEM |
| 9 (RLIN) | 8522 |
| 650 ## - SUBJECT ADDED ENTRY--TOPICAL TERM | |
| Topical term or geographic name entry element | REMOTE SENSING |
| 9 (RLIN) | 8523 |
| 650 ## - SUBJECT ADDED ENTRY--TOPICAL TERM | |
| Topical term or geographic name entry element | LAND USE |
| 9 (RLIN) | 8524 |
| 942 ## - ADDED ENTRY ELEMENTS (KOHA) | |
| Source of classification or shelving scheme | Dewey Decimal Classification |
| Koha item type | |
| Withdrawn status | Lost status | Source of classification or shelving scheme | Damaged status | Not for loan | Home library | Current library | Date acquired | Total Checkouts | Barcode | Date last seen | Price effective from | Koha item type |
|---|---|---|---|---|---|---|---|---|---|---|---|---|
| Dewey Decimal Classification | IIITM-K | Kerala University of Digital Sciences, Innovation and Technology Knowledge Centre | 15/03/2016 | R-697 | 15/03/2016 | 15/03/2016 | Project Reports |